| 000 | 00951nas a2200265 4500 | ||
|---|---|---|---|
| 001 | 1289 | ||
| 003 | ES-MaACL | ||
| 005 | 20250822100005.0 | ||
| 007 | t| | ||
| 008 | 950801c18561933fr | | 1 ||re d | ||
| 080 | _a44 | ||
| 245 | 0 | 3 |
_aLe Journal amusant _b: journal illustré, journal d'images, journal comique, critique, satirique, etc. |
| 246 | 3 | 0 | _aJournal pour rire, journal amusant |
| 260 |
_a[Paris : _bAubert et Cie.], _c1856-1933 ( _fTyp. Henry Plon) |
||
| 300 |
_a62 v. : _bil. ; _c43 cm. |
||
| 362 | 0 | _aN. 1 (5 janv. 1856)-n. 50 (12 déc. 1933) | |
| 580 | _aEs suplemento de esta publ.: Le Musée français = ISSN 9967-5757. | ||
| 650 | 1 | 7 |
_aSátira _2embne _916997 |
| 650 | 1 | 4 |
_aRevistas de información general. _916896 |
| 700 | 1 |
_aPhilipon, Charles, _d1806-1862 _9131109 |
|
| 852 |
_aES-MaACL _jZ-40 _dOlim: Hem-1074 |
||
| 866 | 0 | _o1862-75, 1878-1913, 1919-1931 (1932). | |
| 942 | _2udc | ||
| 999 |
_c1289 _d1289 |
||